| 000 | 00518nam a2200181Ia 4500 | ||
|---|---|---|---|
| 999 |
_c8496 _d8496 |
||
| 003 | OSt | ||
| 005 | 20200827094630.0 | ||
| 008 | 190216s9999||||xx |||||||||||||| ||und|| | ||
| 020 | _a9788121912006 | ||
| 040 | _coclc | ||
| 082 |
_a658.05 _bPAR/C |
||
| 100 |
_aParameswaran, R _94367 |
||
| 245 | 0 |
_aComputer Applications In Business / _cR Parameswaran |
|
| 250 | _a1st Ed. | ||
| 260 |
_bS Chand & Company, _c1996. _aNew Delhi: |
||
| 300 | _a151p | ||
| 942 |
_cBK _2ddc _h658.05 _iPAR/C _k658.05 _mPAR/C |
||